000 00639nam a2200181Ia 4500
008 090123s9999 xx 000 0 und d
082 _b3680
_a923.254/ठाकरे
100 _aठाकरे प्रबोधनकार
245 _aमाझी जीवन गाथा
250 _a1
260 _bसोमय्या पब्लिकोशन
_c1974
300 _a467
600 _aठाकरे प्रबोधनकार
630 _aमाझी जीवन गाथा
700 _aठाकरे प्रबोधनकार
730 _aमाझी जीवन गाथा
942 _cBOOK
999 _c41759
_d41759